LEADER 02011oam 2200529zu 450 001 9910164320303321 005 20210807002125.0 010 $a0-8031-5265-5 035 $a(CKB)3170000000044136 035 $a(SSID)ssj0001184101 035 $a(PQKBManifestationID)11662152 035 $a(PQKBTitleCode)TC0001184101 035 $a(PQKBWorkID)11189969 035 $a(PQKB)11114707 035 $a(EXLCZ)993170000000044136 100 $a20160829d1994 uy 101 0 $aeng 181 $ctxt 182 $cc 183 $acr 200 00$aApplication of accelerated corrosion tests to service life prediction of materials 210 31$a[Place of publication not identified]$cASTM$d1994 225 0 $aSTP Application of accelerated corrosion tests to service life prediction of materials 300 $aBibliographic Level Mode of Issuance: Monograph 311 $a0-8031-1853-8 606 $aCorrosion and anti-corrosives$xCongresses$xTesting 606 $aAccelerated life testing$xCongresses 606 $aStress corrosion$xCongresses$xTesting 606 $aChemical & Materials Engineering$2HILCC 606 $aEngineering & Applied Sciences$2HILCC 606 $aMaterials Science$2HILCC 615 0$aCorrosion and anti-corrosives$xCongresses$xTesting 615 0$aAccelerated life testing$xCongresses 615 0$aStress corrosion$xCongresses$xTesting 615 7$aChemical & Materials Engineering 615 7$aEngineering & Applied Sciences 615 7$aMaterials Science 676 $a620.1/1223 702 $aSridhar$b Narasi 702 $aCragnolino$b Gustavo 712 02$aASTM Committee G-1 on Corrosion of Metals 712 12$aASTM Symposium on Application of Accelerated Corrosion Tests to Service Life Prediction of Materials$f(1992 :$eMiami, Fla.) 801 0$bPQKB 906 $aBOOK 912 $a9910164320303321 996 $aApplication of accelerated corrosion tests to service life prediction of materials$92243992 997 $aUNINA